Heartstopper Soundtrack - Statistics

General Stats
  • This quiz has been taken 28 times
  • The average score is 30 of 142
Answer Stats
Song Title Season Artist Name % Correct
Colours Of You 1 Baby Queen
71%
Want Me 1 Baby Queen
71%
Dover Beach 1 Baby Queen
71%
Buzzkill 1 Baby Queen
71%
Nobody Really Cares 2 Baby Queen
71%
Pretty Girl Lie 2 Baby Queen
71%
We Can Be Anything 2 Baby Queen
71%
All The Things 2 Baby Queen
71%
a letter to myself at 17 3 Baby Queen
71%
Girls 1 Girl In Red
67%
good 4 u 3 Olivia Rodrigo
63%
Dance With Me 1 beabadoobee
58%
If You Want To 1 beabadoobee
58%
Tired 1 beabadoobee
58%
Lovesong 2 beabadoobee
58%
the way things go 3 beabadoobee
58%
BIRDS OF A FEATHER 3 Billie Eilish
58%
BLUE 3 Billie Eilish
58%
People Watching 2 Conan Gray
58%
Crush Culture 2 Conan Gray
58%
seven 2 Taylor Swift
58%
Don't Delete The Kisses 1 Wolf Alice
58%
The Beach 2 Wolf Alice
58%
Bros 2 Wolf Alice
58%
Blush 2 Wolf Alice
58%
Fall In Love With A Girl 2 Cavetown (feat. Orla Gartland)
50%
Why Am I Like This? 1 Orla Gartland
42%
Kiss Ur Face Forever 2 Orla Gartland
42%
Best Day Of My Life 3 Tom Odell
42%
Black Friday 3 Tom Odell
42%
ur so pretty 2 Wasia Project
42%
My Vine 3 Wasia Project
42%
Sappho 1 Frankie Cosmos
38%
Duet 3 Frankie Cosmos
38%
Abigail 3 Frankie Cosmos
38%
fever dream 1 mxmtoon
29%
Coming Of Age 2 mxmtoon
29%
Mona Lisa 2 mxmtoon
29%
sad disco 3 mxmtoon
29%
Ode to a Conversation Stuck in Your Throat 3 Del Water Gap
25%
Out of My League 2 Fitz and The Tantrums
25%
Deep End 2 Holly Humberstone
25%
Alaska 1 Maggie Rogers
25%
Shatter 2 Maggie Rogers
25%
Rush 3 Troye Sivan
25%
Telephone 1 Waterparks
25%
Paradise Calling 3 Birdy
21%
Heartbreaker 3 Birdy
21%
Vertigo 3 Griff
21%
On était beau 2 Louane
21%
Dive 3 Olivia Dean
21%
Just Like Heaven 2 The Cure
21%
Devotion 3 Arlo Parks
17%
Pegasus 3 Arlo Parks (feat. Phoebe Bridgers)
17%
Clearest Blue 1 CHVRCHES
17%
My Own Person 1 Ezra Williams
17%
Car Park 3 Nieve Ella
17%
The Sound 2 The 1975
17%
Retrospect 2 Vistas
17%
Run Away With Me 2 Carly Rae Jepsen
13%
I Think Ur Rlly Cool 2 carpetgarden
13%
I Wanna Be With You 1 chloe moriondo
13%
Doesn’t Matter (Valour de Soleil) 2 Christine and the Queens
13%
Shell 3 Ethan Tasch
13%
Close One 3 FIZZ
13%
Le temps de l'amour 2 Françoise Hardy
13%
Genesis 3 Grimes
13%
Trésor 2 Hervé
13%
C'est La Vie 3 Leila Khan and Adiescar Chase
13%
Paper Mache World 1 Matilda Mann
13%
One That Got Away 3 MUNA
13%
million little reasons 3 Oscar Lang
13%
Moment In The Sun 1 Sunflower Bean
13%
UrbanAngel1999 1 Thomas Headon
13%
The Most Beautiful Thing 3 Thomas Headon
13%
3D Feelings 2 Alfie Templeman
8%
Paradise 2 Carmody
8%
Skin 2 Carmody
8%
A Good Thing 3 Claud
8%
Close To You 1 Dayglow
8%
Then It All Goes Away 2 Dayglow
8%
Love You 3 flowerovlove
8%
Never Be The Same 2 Gabrielle Aplin
8%
It's Euphoric 3 Georgia
8%
Joe 3 Joesef
8%
Pretty Boy 3 LÉON
8%
Things will be fine 2 Metronomy
8%
Because I Love You 1 Montaigne
8%
Lovesick 1 Peace
8%
Too Much Time Together 3 San Cisco
8%
What's It Gonna Be? 1 Shura
8%
Knock Me Off My Feet 1 SOAK
8%
That Was The Worst Christmas Ever! 3 Sufjan Stevens
8%
A Running Start 3 Sufjan Stevens
8%
I Used To Be Fun 3 Teen Jesus & the Jean Teasers
8%
I Wanna Know 3 The Hunna
8%
Un peu plus souvent 2 Alexia Gredy
4%
welcome to the sidelines 2 amy michelle
4%
Serotonin 3 Angie McMahon
4%
leavemealone 3 Baby Keem and Fred Again
4%
miss u 2 Bad Smith
4%
Right Here, for Now 3 Bakar
4%
I Belong In Your Arms 1 Chairlift
4%
Liquor and Cigarettes 3 Chase & Status and Hedex
4%
heart 1 Flor
4%
Obsessed 2 Hatchie
4%
Just Stay For Once 3 Imani Graham
4%
Pressure To Party 2 Julia Jacklin
4%
complex 3 Katie Gregson-MacLeod
4%
Angel 1 Lava La Rue, Deb Never
4%
Happy New Year 2 Let's Eat Grandma
4%
Hot & Heavy 2 Lucy Dacus
4%
Wish on an Eyelash 3 Mallrat
4%
**it gets better 3 Martin Luke Brown
4%
Happy, Healthy, Well Adjusted 3 Max Bennett Kelly
4%
Superinlove (Roll Credits) 3 Max Bennett Kelly
4%
The Outsiders 3 Max Bennett Kelly
4%
Freak Out 2 Miya Folick
4%
So Clear 3 Miya Folick
4%
In My Head 3 Nell Mescal
4%
Witchcraft 3 Pendulum
4%
I'm Not Perfect (But I'm Trying) 3 Rachel Chinouriri
4%
Enjoy Your Life 3 Romy
4%
Loveher 3 Romy
4%
Bruises Off The Peach 3 Ryan Beatty
4%
darkwave sabbat 3 siouxxie sixxsta
4%
A Young Understanding 3 Sundara Karma
4%
You Wouldn't Like Me 2 Tegan and Sara
4%
I Spend Too Much Time In My Room 3 The Band CAMINO
4%
Wide Eyes and Halos 3 The Reytons
4%
Cry! 2 Caroline Rose
0%
nothing else i could do 1 ella jane
0%
Don't Leave Me (Chapter 1: Despair) 1 HMLTD
0%
Bang Bang Bang 1 Lauren Hibberd
0%
Smokey Eyes 1 Lincoln
0%
see it all 1 mona rue
0%
Young 2 Neon Capital
0%
Our Window 1 Noah And The Whale
0%
LUCID 1 Rina Sawayama
0%
Flirting With Her 1 Sir Babygirl
0%
Any Other Way 1 Tomberlin
0%
Are You OK? 3 Wasurmono
0%
No matching quizzes found
Score Distribution
Percent of People with Each Score
Percentile by Number Answered
Your Score History
You have not taken this quiz